000 00596nam a22001697a 4500
003 OSt
005 20201113120504.0
008 201113b 1996 dr a 00| 0 eng
040 _aDO-SdBNP
_bspa
_cBNPHU
245 0 0 _aManual de etiqueta social y normas protocolares /
_ccompiladora Rebeca Galán de Vicioso ; prólogo Horacio Vicioso Soto.
260 _aSanto Domingo :
_bCorripio,
_c1996.
300 _a146 p. :
_bil. ;
_c28 cm.
590 _aInventariado, 2020 /LP
700 1 _aGalán Vicioso, Rebeca de
_937414
_ecomp.
700 1 _aVicioso Soto, Horacio,
_epról.
_923658
942 _2ddc
_cLBS1
999 _c49130
_d49130